| 000 | 00405cam a22001577a 4500 | ||
|---|---|---|---|
| 008 | 180718b1997 xxu||||| |||| 00| 0 eng d | ||
| 020 | _a8122004946 | ||
| 082 | _aN1207 Oz1 | ||
| 100 | _aOza, B.M. | ||
| 245 |
_aBofors: the ambassador's evidence _cby B.M. Oza |
||
| 260 |
_aDelhi _bKonark _c1997 |
||
| 300 | _a176p. | ||
| 650 | _aCorruption | ||
| 650 | _aBofors | ||
| 650 | _aArmy - Equipment and supplies | ||
| 999 |
_c381824 _d381824 |
||